000
00329nam a2200133Ia 4500
008
191206s9999 xx 000 0 und d
020
_a
0264662318 :
090
_a
DT962.82.M87
245
0
_a
Rhodesian Black behind bars
260
_a
Mowbrays
260
_c
c1974
300
_a
"x, 150 p. ; 19 cm."
999
_c
16813
_d
16813